| 000 | 00711nam a22002172 4500 | ||
|---|---|---|---|
| 001 | 0000013597 | ||
| 005 | 20151217152126.0 | ||
| 008 | 090928s xx 000 0 eng d | ||
| 020 | _a0750662255 : | ||
| 040 |
_aKABU _cKABU |
||
| 100 | 1 |
_aAddington, D. Michelle. _@0000171061 |
|
| 245 | 1 | 0 |
_aSmart materials and technologies : _bfor the architecture and design professions / _cD. Michelle Addington, Daniel L. Schodek. |
| 250 | _a1st ed. | ||
| 260 |
_aLondon : _bElsevier, _c2005. |
||
| 300 | _axi, 241 p. | ||
| 650 | 0 |
_aSmart materials. _@0000171062 |
|
| 700 | 1 |
_aSchodek, Daniel L. _@0000171063 |
|
| 852 | 1 | _9p5719 KES | |
| 908 | _a090928 | ||
| 950 | _@1 | ||
| 999 |
_c8534 _d8534 |
||